1077 1327 1908 1814 1371 1785 1885 1852 1391 1379 1928 1167 1357 1090 1647 1146 1910 1326 1151 1978 1626 1257 1178 1082 1741 1945 1236 1237 1519 1127 1198 1890 1746 1924 1356 1420 1665 1492 1787 1413 1036 1196 1470 1866 1761 1154 1267 1066 1260 1911 1892 1598 1009 1399 1665 1324 1169 1974 1953 1629 1833 1672 1828 1113 1728 1705 1355 1175 1392 1160 1386 1758 1003 1195 1570 1669 1608 1503 1077 1524 1639 1424 1530 1359 1174 1980 1003 1116 1468 1963 1136 1440 1973 1180 1559 1855 1933 1192 1879 BCNSPRNW ULIB Ver.6.0+V

เปลี่ยนเป็นภาษาไทย

Change to English
 แสดงรายละเอียดบรรณานุกรม
  กลับหน้าหลัก

Brief Record : Get Marc (ISO 2709) : E-mail record : QR code < ปิดหน้าต่าง
LEADER : 00000nam 2200000uu 4500
001    13399122121
003     ULIB
008    121227s2546||||th 000 0 tha d
020    ^a9749311779
060 04 ^aWI700^bต111ค 2546
245 00 ^aความรู้เรื่องโรคตับสำหรับประชาชน เล่ม1/^cเติมชัย ไชยนุวัติ [และ]ไพโรจน์ เหลืองโรจนกุล, บรรณาธิการ
246 14 ^aหนังสือโรคตับสำหรับประชาชน
260    ^aกรุงเทพฯ :^bชมรมโรคตับแห่งประเทศไทย,^c2546
300    ^a204 หน้า :^bภาพประกอบ ;^c21 ซม.
500    ^aชื่อเรื่องบนปก : ความรู้เรื่องโรคตับสำหรับประชาชน
650  7 ^aตับ, โรค
700 0  ^aเติมชัย ไชยนุวัติ,^eบรรณาธิการ
700 0  ^aไพโรจน์ เหลืองโรจนกุล,^eบรรณาธิการ
710 2  ^aชมรมโรคตับแห่งประเทศไทย
945    ^p300^l0^i14905
995    ^aทศพร
999    ^aทศพร เกษรทอง
รายการนี้ยังไม่มีแท็ก
คุณยังไม่ได้ล็อกอิน คุณสามารถมีกิจกรรมร่วมกับเว็บไซต์ได้ แต่ต้องล็อกอินก่อน ::
  ล็อกอิน

รายการสื่อสารสนเทศ

ลำดับที่ ประเภท เลขเรียก/บาร์โค้ด สถานที่ สถานะ
1. วิทยาศาสตร์การแพทย์ และสุขภาพ
วิทยาศาสตร์การแพทย์ และสุขภาพ
WI700 ต111ค 2546 ฉ.1 
  Barcode: 14905
ห้องสมุดวิทยาเขตสวรรค์ประชารักษ์
►หนังสือทั่วไป
บนชั้น

รายการใกล้เคียง
    หัวเรื่อง [ตับ, โรค]

BibComment


ยังไม่เคยถูกคอมเมนท์

คอมเมนท์ทรัพยากรรายการนี้
  คอมเมนท์: ความรู้เรื่องโรค..


 Copyright 2026. Bcnsprnw @Library